Normal view MARC view

Entry Personal Name

Number of records used in: 1

001 - CONTROL NUMBER

  • control field: 42680

003 - CONTROL NUMBER IDENTIFIER

  • control field: OSt

005 - DATE AND TIME OF LATEST TRANSACTION

  • control field: 20230524205127.0

008 - FIXED-LENGTH DATA ELEMENTS

  • fixed length control field: 230524|| aca||aabn | a|a d

040 ## - CATALOGING SOURCE

  • Original cataloging agency: OSt
  • Transcribing agency: OSt

100 ## - HEADING--PERSONAL NAME

  • Personal name: K.C.Jain

670 ## - SOURCE DATA FOUND

  • Source citation: Work cat.: (OSt)57671: K.C.Jain, Design For R.C.C. Slabs: A Ready Reckoner, 2011
Trident Academy of Technology © 2023.
All rights reserved.                                                                                                                                                                                                        Designed by Team of Central Library .

Powered by Koha